000
00306nam a22001337a 4500
020
_a
0-316-15353-2
082
_a
823
_b
CON/J
100
_a
CONFORD, ELLEN
245
_a
JENNY ARCHER, AUTHOR
_b
ILLUSTRATED BY DIANE PALMISCIANO
300
_a
61
520
_a
SHORT STORY
650
_a
SHORT STORY
942
_c
BK
999
_c
5799
_d
5799